Football (Soccer) nicknames. - Statistics

General Stats
  • This quiz has been taken 408 times
  • The average score is 9 of 20
Answer Stats
Hint Answer % Correct
Arsenal Gunners
97%
Manchester United Red Devils
87%
Everton Toffees
67%
Newcastle United Magpies
65%
Hull City Tigers
63%
Southampton Saints
57%
Aston Villa Villains
54%
Sunderland FC Black Cats
53%
Stoke Potters
51%
Sheffield United Blades
47%
Peterborough United Posh
32%
Wigan Athletic Latics
30%
Blackpool Seasiders
30%
Burnley Clarets
28%
Morecambe Shrimps
26%
Scunthorpe United Iron
25%
Bolton Wanderers Trotters
21%
Plymouth Argyle Pilgrims
14%
Rochdale Dale
13%
Bury Shakers
10%
No matching quizzes found
Score Distribution
Percent of People with Each Score
Percentile by Number Answered
Your Score History
You have not taken this quiz